Wszystkie rozszerzenia do The Sims 4 - Statystyki

Ogólne statystyki
  • Ten quiz został rozwiązany 25 razy
    6 od ostatniego zresetowania
  • Średni wynik to 26 z 79
Statystyki odpowiedzi
Typ rozszerzenia Nazwa % Poprawnych
Dodatek Psy i koty
100%
Dodatek Ranczo
100%
Dodatek Spotkajmy się
100%
Dodatek Uniwersytet
100%
Dodatek Witaj w pracy
100%
Dodatek Wyspiarskie życie
100%
Pakiet rozgrywki Być rodzicem
80%
Dodatek Cztery pory roku
80%
Pakiet rozgrywki Dzień w spa
80%
Dodatek Licealne lata
80%
Dodatek Miejskie życie
80%
Dodatek Śnieżna eskapada
80%
Pakiet rozgrywki Wampiry
80%
Dodatek Wiejska sielanka
80%
Pakiet rozgrywki Wilkołaki
80%
Dodatek Zakochaj się
80%
Dodatek Zostań gwiazdą
80%
Dodatek Życie eko
80%
Dodatek Do wynajęcia
60%
Pakiet rozgrywki Kraina magii
60%
Pakiet rozgrywki Przygoda w dżungli
60%
Dodatek Razem raźniej
60%
Pakiet rozgrywki Ucieczka w plener
60%
Pakiet rozgrywki Wyprawa na Batuu
60%
Akcesoria Kino domowe
40%
Akcesoria Kuchnia na wypasie
40%
Akcesoria Mój pierwszy zwierzak
40%
Akcesoria Perfekcyjne patio
40%
Akcesoria Romantyczny ogród
40%
Pakiet rozgrywki Ślubne historie
40%
Pakiet rozgrywki Strangerville
40%
Akcesoria Upiorności
40%
Akcesoria Wielkie pranie
40%
Akcesoria Włóczkowe historie
40%
Pakiet rozgrywki Wystrój marzeń
40%
Akcesoria Wytworne przyjęcie
40%
Pakiet rozgrywki Zjedzmy na mieście
40%
Akcesoria Domowy kucharz
20%
Kolekcja Lotniskowy szyk
20%
Akcesoria Małe dzieci
20%
Akcesoria Pokój dzieciaków
20%
Kolekcja Wielkie porządki
20%
Akcesoria Zabawa na podwórku
20%
Kolekcja Basenowa moda
0%
Kolekcja Codzienny nieład
0%
Kolekcja Dzielnica mody
0%
Akcesoria Fitness
0%
Kolekcja Gotycki szyk
0%
Kolekcja Imprezowy niezbędnik
0%
Kolekcja Industrialny loft
0%
Kolekcja Kącik czytelniczy
0%
Kolekcja Karnawałowa moda
0%
Akcesoria Kompaktowe wnętrza
0%
Akcesoria Kryształowe cudeńka
0%
Kolekcja Księżycowy szyk
0%
Kolekcja Kwitnące wnętrza
0%
Kolekcja Łazienkowe szpargały
0%
Kolekcja Mali modnisie
0%
Kolekcja Mali obozowicze
0%
Akcesoria Moschino
0%
Kolekcja Nowoczesna moda męska
0%
Kolekcja Oaza na patio
0%
Kolekcja Oaza wystroju
0%
Kolekcja Pastelowy czar
0%
Kolekcja Piwniczne skarby
0%
Kolekcja Powrót grunge'u
0%
Kolekcja Przytulne bistro
0%
Kolekcja Relaks na riwierze
0%
Kolekcja Simtymność
0%
Akcesoria Styl dawnych lat
0%
Kolekcja To były czasy
0%
Kolekcja W hołdzie miastu
0%
Akcesoria Wieczór na kręgielni
0%
Kolekcja Wiejska kuchnia
0%
Kolekcja Wnętrza z przepychem
0%
Kolekcja Współczesny luksus
0%
Kolekcja Zamkowe posiadłości
0%
Kolekcja Zielony zakątek
0%
Akcesoria Zjawiska paranormalne
0%
Nie znaleziono quizów pasujących do podanych kryteriów
Rozkład punktacji
Procent ludzi z każdym wynikiem
Percentyl według liczby udzielonych odpowiedzi
Twoja historia wyników
Nie rozwiązałeś tego quizu od ostatniego zresetowania